000 00834nam a2200265 a 4500
001 BRCA_319
005 20190320202946.0
008 850712s1985 nyua---##b---#001-0#eng-#
020 _a0801418097
040 _aDLC
_cDLC
_dDLC
041 _aengfre
050 4 _aNK5308.923
_b.G76 1985
100 1 _aGrodecki, Louis
_91057
245 1 0 _aGothic Stained Glass, 1200-1300
_cLouis Grodecki and Catherine Brisac.
260 _aIthaca, N.Y.
_bCornell University
_c1985
300 _a278 p.
_bil. (algunas a color)
_c30 cm.
500 _aTraducción de : Le vitrail gothique au XIIIe siècle
500 _aDonación Consejo Británico
504 _aBibliografía: p. 269-270
650 1 4 _aVitrales góticos
_zFrancia
_91058
650 1 4 _aVitrales
_zFrancia
_91059
700 1 _aBrisac, Catherine
_91060
902 _aDCB
942 _2lcc
_cB
999 _c256
_d256